000 00866cab a22001935a 4500
001 L142941
008 080325e20080319xxkd f 000 0 eng d
035 _a(Sirsi) u142941
041 0 _aeng
100 1 _aStagg, James
245 0 0 _aKier climbs to the top of the table
260 _c2008
490 0 _aContract Journal
_v442(6667) 19 March 2008, 10-11(2)
520 _aKier topped the new work winners monthly league table for February 2008, with Morrison Utility Services in second place and Balfour Beatty in third. Laing O'Rourke headed the top of the new work winners table for the past 12 months. New construction orders in February were much higher than the 12 month average of £2.8bn, with civils out in front with £1.2bn of work.
590 _aKA
651 4 _aGreat Britain
_y1707-
690 _aBUILT ENVIRONMENT-CONSTRUCTION MARKET
942 _n0
999 _c79980
_d79980